|
|
|
|
| LEADER |
00000nam0a2200000 4500 |
| 001 |
280156 |
| 005 |
20231101235258.0 |
| 035 |
|
|
|a (RuTPU)RU\TPU\book\303465
|
| 090 |
|
|
|a 280156
|
| 100 |
|
|
|a 20141225d1975 k y0rusy50 ca
|
| 101 |
0 |
|
|a rus
|
| 102 |
|
|
|a RU
|
| 105 |
|
|
|a a z 001zy
|
| 200 |
1 |
|
|a Геохимия и петрология габбро-пироксенитовой формации Восточного Саяна
|f О. М. Глазунов
|g Институт геохимии СО АН СССР ; под ред. В. А. Вахрушева
|
| 210 |
|
|
|a Новосибирск
|c Наука
|d 1975
|
| 215 |
|
|
|a 202 с.
|c ил.
|
| 316 |
|
|
|5 63413507: КР-7480
|a На титульном листе дарственная надпись: "Дорогому Владимиру Константиновичу с благодарностью о первых геологических и житейских уроках Мурашкин"
|
| 317 |
|
|
|5 63413507: КР-7480
|a Поступил в НТБ в 2021 г. в дар от семьи профессора ТПУ Л. П. Рихванова
|
| 320 |
|
|
|a Библиогр.: с. 189-201
|
| 330 |
|
|
|a В работе впервые детально описывается малоизученная габбро-пироксенитовая формация Восточного Саяна. Кроме общегеологических, приводятся сведения о тектонической позиции интрузивных массивов, их петрографическом составе и внутреннем строении, описываются сравнительно редкие минералы (ульвошпинель, троилит и др.). перечисляются характерные нарагенезисы, уточняются некоторые спорные вопросы диагностики минералов. Выясняются геохимические особенности формации. Рассматривается модель глубинного строения региона и делается попытка вскрыть закономерности локализации формации в пространстве и времени. Кроме того, освещаются некоторые вопросы локальной и региональной дифференциации магмы, приводится возможная схема эволюции химизма габброидной магмы во времени. Работа представляет интерес для геологов, занимающихся изучением базитовых формаций и поисками связанных с ними полезных ископаемых.
|
| 606 |
1 |
|
|a Геологические формации
|2 stltpush
|3 (RuTPU)RU\TPU\subj\6079
|9 34039
|
| 610 |
1 |
|
|a геохимия
|
| 610 |
1 |
|
|a петрология
|
| 610 |
1 |
|
|a Восточные Саяны
|
| 610 |
1 |
|
|a геология
|
| 610 |
1 |
|
|a структурные особенности
|
| 610 |
1 |
|
|a минералогия
|
| 610 |
1 |
|
|a петрохимия
|
| 610 |
1 |
|
|a геохимия
|
| 610 |
1 |
|
|a генезис
|
| 610 |
1 |
|
|a Библиотека Л. П. Рихванова
|
| 610 |
1 |
|
|a дарственные надписи
|
| 610 |
1 |
|
|a дары библиотеке
|
| 675 |
|
|
|a 551.22
|v 3
|
| 700 |
|
1 |
|a Глазунов
|b О. М.
|g Олег Михайлович
|
| 702 |
|
1 |
|a Вахрушев
|b В. А.
|4 340
|
| 712 |
0 |
2 |
|a Академия наук СССР
|b Сибирское отделение
|b Институт геохимии
|c (Новосибирск)
|2 stltpush
|3 (RuTPU)RU\TPU\col\12868
|9 25547
|
| 801 |
|
1 |
|a RU
|b 63413507
|c 20141225
|
| 801 |
|
2 |
|a RU
|b 63413507
|c 20220712
|g RCR
|
| 942 |
|
|
|c BK
|